UMass Basketball: Top 10 All-Time Leaders - Statistics

General Stats
  • This quiz has been taken 4 times
  • The average score is 13 of 90
Answer Stats
Category # Player Amount % Correct
Blocks 2 Marcus Camby 336
100%
Field Goal Percent 10 Marcus Camby 50.1%
100%
Rebounds 2 Julius Erving 1,049
50%
Points Per Game 1 Julius Erving 26.3
50%
Points 4 Lou Roe 1,905
50%
Rebounds 1 Lou Roe 1,070
50%
Field Goal Percent 4 Lou Roe 52.9%
50%
Games T4 Lou Roe 134
50%
Assists 8 Anton Brown 417
25%
Three Pointers Made 5 Carmelo Travieso 245
25%
Games 8 Carmelo Travieso 130
25%
Assists 10 Charlton Clarke 350
25%
Points 7 Chaz Williams 1,653
25%
Assists 1 Chaz Williams 704
25%
Steals 2 Chaz Williams 199
25%
Points Per Game 9 Chaz Williams 16.0
25%
Assists 5 Derek Kellogg 453
25%
Assists 4 Edgar Padilla 597
25%
Steals 1 Edgar Padilla 249
25%
Games T2 Edgar Padilla 135
25%
Blocks 6 Edwin Green 190
25%
Field Goal Percent 8 Edwin Green 50.7%
25%
Points 10 Harper Williams 1,534
25%
Rebounds 9 Harper Williams 854
25%
Blocks 3 Harper Williams 222
25%
Field Goal Percent 6 Harper Williams 51.3%
25%
Points 1 Jim McCoy 2,374
25%
Points Per Game 3 Jim McCoy 18.8
25%
Steals 7 Mike Williams 145
25%
Points 3 Ricky Harris 1,960
25%
Steals 5 Ricky Harris 148
25%
Three Pointers Made 3 Ricky Harris 276
25%
Games T9 Ricky Harris 129
25%
Steals T8 Shannon Crooks 142
25%
Three Pointers Made 9 Trey Davis 188
25%
Games T9 Trey Davis 129
25%
Rebounds 8 Tyrone Weeks 858
25%
Blocks 10 William Herndon 128
25%
Field Goal Percent 1 William Herndon 64.6%
25%
Assists 7 Alex Eldridge 418
0%
Field Goal Percent 3 Al Skinner 55.7%
0%
Assists 9 Anthony Anderson 367
0%
Steals 4 Anthony Anderson 150
0%
Three Pointers Made 4 Anthony Anderson 275
0%
Rebounds 10 Billy Tindall 837
0%
Points Per Game 5 Billy Tindall 17.3
0%
Rebounds 6 Cady Lalanne 881
0%
Blocks 5 Cady Lalanne 197
0%
Three Pointers Made 2 Carl Pierre 286
0%
Assists 3 Carl Smith 633
0%
Steals 6 Carl Smith 147
0%
Assists 2 Chris Lowe 678
0%
Points Per Game 2 Clarence Hill 19.8
0%
Games 1 Dana Dingle 137
0%
Points 9 Donald Russell 1,576
0%
Steals T8 Donald Russell 142
0%
Three Pointers Made 6 Freddie Riley 231
0%
Points Per Game 8 Gary Forbes 16.3
0%
Rebounds 4 Horace Neysmith 935
0%
Field Goal Percent 7 Horace Neysmith 50.9%
0%
Rebounds 7 Jim Town 879
0%
Field Goal Percent 5 Jim Town 51.7%
0%
Assists 6 Joe DiSarcina 431
0%
Blocks 7 Kitwana Rhymer 184
0%
Blocks 4 Lari Kether 204
0%
Points 6 Lorenzo Sutton 1,718
0%
Three Pointers Made 10 Lorenzo Sutton 165
0%
Steals T8 Luwane Pipkins 142
0%
Three Pointers Made 7 Luwane Pipkins 226
0%
Points Per Game 10 Luwane Pipkins 15.7
0%
Games T4 Maxie Esho 134
0%
Field Goal Percent 9 Mike Pyatt 50.3%
0%
Points 2 Monty Mack 2,183
0%
Steals 3 Monty Mack 154
0%
Three Pointers Made 1 Monty Mack 331
0%
Points Per Game 4 Monty Mack 17.7
0%
Three Pointers Made 8 Rafer Giles 221
0%
Blocks 9 Raphiael Putney 154
0%
Games 7 Raphiael Putney 131
0%
Points 5 Rashaun Freeman 1,744
0%
Rebounds 3 Rashaun Freeman 998
0%
Field Goal Percent 2 Rashaun Freeman 55.9%
0%
Points Per Game 6 Ray Ellerbrook 16.5
0%
Points Per Game 7 Rodger Twitchell 16.4
0%
Games T2 Sampson Carter 135
0%
Blocks 1 Stéphane Lasme 399
0%
Games 6 Terrell Vinson 132
0%
Rebounds 5 Tim Edwards 903
0%
Points 8 Tony Barbee 1,643
0%
Blocks 8 Tony Gaffney 174
0%
No matching quizzes found
Score Distribution
Percent of People with Each Score
Percentile by Number Answered
Your Score History
You have not taken this quiz